Na Závisti /
Jana chce dítě, pokoj s pianem a košík třešní z vlastní zahrady. Říká se tomu domov? Když zdědí byt v rodinné vile plné příbuzných, její touhy se začínají naplňovat. Jana ale pomalu zjišťuje, že dědictví může být danajský dar a že kromě zchátralého bytu bude muset zrekonstruovat i svoje touhy a před...
Uloženo v:
| Hlavní autor: | |
|---|---|
| Médium: | E-kniha |
| Jazyk: | Czech |
| Vydáno: |
Praha :
Albatros Media a.s.,
2026
|
| Tagy: |
Žádné tagy |
| LEADER | 01387nam a22002297i 4500 | ||
|---|---|---|---|
| 001 | 313641 | ||
| 007 | ta | ||
| 008 | 260605s2026 xr ||||| |||| 00| 0 cze d | ||
| 020 | |a 9788026761150 | ||
| 044 | |a xr | ||
| 100 | 1 | |a Irová, Marie |4 aut | |
| 245 | 1 | 0 | |a Na Závisti / |c Irová, Marie |
| 264 | 1 | |a Praha : |b Albatros Media a.s., |c 2026 | |
| 300 | |a 1 online zdroj (232 stran) | ||
| 336 | |a text |b txt |2 rdacontent | ||
| 337 | |a bez média |b n |2 rdamedia | ||
| 338 | |a online zdroj |b cr |2 rdacarrier | ||
| 520 | 2 | |a Jana chce dítě, pokoj s pianem a košík třešní z vlastní zahrady. Říká se tomu domov? Když zdědí byt v rodinné vile plné příbuzných, její touhy se začínají naplňovat. Jana ale pomalu zjišťuje, že dědictví může být danajský dar a že kromě zchátralého bytu bude muset zrekonstruovat i svoje touhy a představu o rodině. Ta začíná uhnívat jako opadané třešně na zahradě jejich rodinné vily. | |
| 910 | |a RBIT002 | ||
| 998 | |d 427491 |a https://core.palmknihy.cz/api/books/427491/cover?tfrpwo |b https://core.palmknihy.cz/api/books/427491/cover/400?tfrpwo |c https://core.palmknihy.cz/api/books/427491/cover/50?tfrpwo |e 2036-12-31 |g 232 |i 9788026761150 |j https://core.palmknihy.cz/api/books/427491/preview.epub |k https://core.palmknihy.cz/api/books/427491/preview.pdf |l |q 49 |r 1 |s https://www.palmknihy.cz/kniha/427491 |t ebook |y 2026 |z 1 | ||
| 999 | |d 313639 | ||